Anime Opening Themes I (Music Clips) Quiz Stats

 Plays Quiz not verified by Sporcle

Score 0/100 Timer 20:00
2 Plays Today
Time Anime % Correct
1:16-1:21Naruto
67.1%
6:05-6:10Cowboy Bebop
62.1%
3:06-3:12Sailor Moon
59.3%
4:54-5:01Neon Genesis Evangelion
57%
0:21-0:27The Melancholy of Haruhi Suzumiya
54.5%
7:56-8:02Code Geass: Lelouch of the Rebellion
50.5%
0:00-0:03Azumanga Daioh
47.7%
9:40-9:44Fullmetal Alchemist
45.6%
3:36-3:42Toradora!
45%
0:03-0:09InuYasha
44.7%
0:38-0:43BECK: Mongolian Chop Squad
43.2%
0:56-1:02Trigun
41.7%
6:17-6:23Air
38.8%
7:44-7:51Fruits Basket
37.2%
3:48-3:55Vampire Knight
34.4%
9:04-9:09Rurouni Kenshin
33.1%
2:55-3:00Serial Experiments Lain
32.5%
1:06-1:11Gintama
32.4%
4:35-4:42Spice and Wolf
31.9%
5:43-5:49Yu Yu Hakusho
31.7%
4:17-4:23Darker than BLACK
31.3%
3:18-3:25Rozen Maiden
31.2%
3:12-3:18Wolf's Rain
31.1%
4:12-4:17NANA
30.7%
0:50-0:56Sayonara Zetsubou-Sensei
29%
1:02-1:06xxxHoLic
28.6%
4:06-4:12Ghost in the Shell: Stand Alone Complex
27.8%
9:21-9:27Love Hina
27.5%
6:34-6:41Paranoia Agent
25.8%
1:40-1:46Mobile Suit Gundam 00
24.8%
5:37-5:43Great Teacher Onizuka
24.1%
6:41-6:47Doraemon
22%
9:27-9:33Gantz
20.7%
1:27-1:33Black Cat
19.3%
Time Anime % Correct
2:03-2:10Monster
18.8%
3:25-3:29The Vison of Escaflowne
18.8%
2:46-2:55Shugo Chara!
18.8%
8:43-8:50Revolutionary Girl Utena
18%
4:30-4:35Cutie Honey
17%
1:11-1:16Last Exile
16.8%
5:54-6:00Sgt. Frog
16.4%
4:48-4:54Hell Girl
16.2%
8:18-8:23Please Teacher!
16%
2:40-2:46Hajime no Ippo
15.8%
9:15-9:21Katekyo Hitman Reborn!
15.5%
5:49-5:54Claymore
15.3%
2:16-2:21Noir
13.6%
0:09-0:15Hayate the Combat Butler
13.4%
0:32-0:38Genshiken
13.1%
8:30-8:36Zero no Tsukaima
12.8%
4:42-4:48Gankutsuou: The Count of Monte Cristo
11.8%
8:08-8:12Pani Poni Dash!
11.8%
2:10-2:16His and Her Circumstances
11%
6:00-6:05The Big O
10%
1:58-2:03Elemental Gelade
9.8%
2:27-2:34Loveless
9.4%
7:20-7:26Minami-ke
9.2%
1:33-1:40Haré + Guu
8.7%
2:34-2:40Mai-HiME
8.7%
0:43-0:50The Twelve Kingdoms
8.2%
7:51-7:56Mazinger Z
8%
5:01-5:07Canaan
8%
3:42-3:48Vandread
7.9%
6:53-6:58Skip Beat!
7.5%
5:19-5:25Hidamari Sketch
7.5%
1:46-1:51Natsume Yuujin-Chou
7.3%
7:04-7:08Urusei Yatsura
7.1%
7:08-7:14Sola
6.8%
Time Anime % Correct
3:29-3:36Magical Shopping Arcade Abenobashi
6.8%
9:09-9:15Ceres, Celestial Legend
6.8%
6:10-6:17Kaleido Star
6.7%
7:14-7:20Marmalade Boy
6.6%
6:58-7:04Rave Master
6.6%
8:12-8:18Kaze no Stigma
6.5%
8:02-8:08Scrapped Princess
6.3%
8:36-8:43Nadia: The Secret of Blue Water
5.9%
6:23-6:28Tsukihime, Lunar Legend
5.8%
6:47-6:53Peach Girl
5.7%
3:55-3:59Super GALS! Kotobuki Ran
5.4%
3:00-3:06The Irresponsible Captain Tylor
5.3%
4:23-4:30R.O.D -The TV-
5.3%
8:50-8:57Kimi ga Nozomu Eien
4.8%
8:23-8:30After War Gundam X
4.7%
9:44-9:53Kimagure Orange Road
4.6%
6:28-6:34Fafner ~Dead Aggressor~
4.6%
0:27-0:32The SoulTaker
4.3%
2:21-2:27El-Hazard: The Magnificent World
4.3%
5:07-5:13Peacemaker Kurogane
4.2%
7:32-7:38Sorcerer Hunters
3.6%
5:30-5:37Infinite Ryvius
3.5%
1:51-1:58Akazukin Chacha
3.4%
9:33-9:40Weiß Kreuz
3.3%
3:59-4:06Kamichu!
3.2%
7:38-7:44Someday's Dreamers
2.7%
8:57-9:04Fancy Lala
2.6%
5:25-5:30Best Student Council
2.6%
0:15-0:21Phantom Quest Corp.
2.1%
1:21-1:27The Melody of Oblivion
2%
5:13-5:19Jinki:Extend
1.7%
7:26-7:32Otogizoushi
1.4%

You're not logged in!

Compare scores with friends on all Sporcle quizzes.
OR
Log In

Show Comments

Extras

Top Quizzes Today


Score Distribution

Your Account Isn't Verified!

In order to create a playlist on Sporcle, you need to verify the email address you used during registration. Go to your Sporcle Settings to finish the process.

Report this User

Report this user for behavior that violates our Community Guidelines.

Details: